000 01088nam a2200301 i 4500
003 DO-SdBNP
005 20250701135406.0
007 ta
008 250318t1986 dr 000 0 spa d
020 _z9682301408
040 _aDO-SdBNP
_bspa
_cBNPHU
_erda
082 _a338.90072
_bI59g
_222
110 1 _aInstituto Latinoamericano de Planificación Económica y Social
_eautor
_987236
245 1 0 _aGuía para la presentación de proyectos /
250 _aDecimocuarta edición, coeditada con el economato de la universidad Autónoma de Santo Domingo.
264 _aSanto Domingo :
_bSiglo 21 Editores,
_bEditora Taller,
_c1986.
300 _a230 páginas
_c23 cm.
336 _atexto
_btxt
_2rdacontent
337 _asin mediación
_bn
_2rdamedia
338 _avolumen
_bnc
_2rdacarrier
500 _aIncluye notas a pie de páginas.
504 _aBibliografía p: 226-230.
590 _aInventariado, 2025/ YL
650 0 _aProyectos de desarrollo económico
_96643
650 0 _aRedacción de propuestas en ciencias sociales
_987237
910 _aYLockward
942 _2ddc
_cLBS1
999 _c58467
_d58467